000 01495nas a22002537a 4500
005 20260205153312.0
007 cr
008 260205c1980 mx |||p| |||| 00| 0 spa d
022 _a01853929 (impresa)
022 _a24487554 (en línea)
040 _cAR-FvUNAJ
245 1 0 _aRelaciones :
_bestudios de historia y sociedad /
_cEl Colegio de Michoacán (México).
260 _aMichoacán :
_bEl Colegio de Michoacán,
_c1980 -
300 _aImpresa y digital
362 _aVol.1, No. 1 (invierno 1980) -
500 _aRelaciones Estudios de Historia y Sociedad es una revista de historia, ciencias sociales y humanidades que publica trabajos originales, inéditos y evaluados por pares, ya sea en la forma de artículos, ensayos o reseñas de libros. Con enfoque en la realidad mexicana y sus nexos latinoamericanos, anima al diálogo multidisciplinar y las perspectivas interdisciplinarias y comparativas que permitan una mejor comprensión del pasado y del presente de nuestras realidades sin menoscabo de otras conexiones globales.
650 2 7 _2unescot
_9600
_aHISTORIA
650 2 7 _2unescot
_9651
_aCIENCIAS SOCIALES
710 1 _922084
_aMéxico. Secretaría de Ciencia, Humanidades, Tecnología e Innovación
_bEl Colegio de Michoacán
856 4 1 _uhttps://revistarelaciones.colmich.edu.mx/index.php/relaciones/index
856 4 1 _uhttps://sitios.colmich.edu.mx/relaciones25/files/revistas/095/pdf/Giovanni_Levi.pdf
_yUn problema de escala
869 _a----
942 _2ddc
_cREV
999 _c11199
_d11199
980 _619227
_aLeticia Ana Abalos
_819227
_gLeticia Ana Abalos